| 000 | 00452nam a2200145Ia 4500 | ||
|---|---|---|---|
| 008 | 210716s2005 xx 000 0 und d | ||
| 041 | _aeng | ||
| 082 | _a004.22 HENJ | ||
| 100 | _aHennessy, John L;Patterson, David A. | ||
| 245 |
_aComputer architecture: a quantitative approach. _bQuantitative approach. |
||
| 250 | _a4 | ||
| 260 |
_aNew Delhi _bMorgan Kaufmann _c2005 |
||
| 300 | _axxvii,423,A-75,B-47/2009 | ||
| 650 | _aComputer Arch., Org.(004.22) | ||
| 999 |
_c190325 _d190325 |
||